| 000 | 00000nam 2200000za 4500 |
| 001 | 9.644169 |
| 003 | CaOODSP |
| 005 | 20221107134355 |
| 007 | cr ||||||||||| |
| 008 | 150407s1955||||onc ||||o f000 0 fre d |
| 040 | |aCaOODSP|bfre |
| 043 | |an-cn--- |
| 086 | 1 |aA43-937/1955F-PDF |
| 100 | 1 |aMacNay, C. G. |q(C. Graham) |
| 245 | 13|aLa répression de la pollénie |h[ressource électronique] / |cpar C.G. MacNay. |
| 260 | |aOttawa : |bMinistère de l'agriculture : |bServices des sciences, Division de l'entomologie, |c1955. |
| 300 | |a4 p. |
| 500 | |a« Mars 1955 ». |
| 500 | |a« Traduit de l'anglais »--p. 4. |
| 500 | |aPublication historique numérisée par Agriculture et Agroalimentaire Canada. |
| 590 | |a15-02-Supp|b2015-02-16 |
| 710 | 1 |aCanada. |bMinistère de l'agriculture. |
| 710 | 1 |aCanada. |bDivision de l'entomologie. |
| 856 | 40|ahttp://publications.gc.ca|qPDF|s324 Ko|uhttps://publications.gc.ca/collections/collection_2015/aac-aafc/A43-937-1955-fra.pdf |
| 986 | |aPublication 937 |